[Event "AUTO-MASTER-774"]
[Site "http://www.queenalice.com/game.php?id=668891"]
[Date "2009.10.18"]
[Round "2"]
[White "Alexandrovinsk"]
[Black "Dom81"]
[Result "0-1"]
[WhiteElo "2131"]
[BlackElo "2463"]

1. e4 e6 2. d4 d5 3. Nc3 Nf6 4. Bg5 Be7 5. e5 Nfd7 6. h4 h6 7. Bxe7 Qxe7 8. Qg4
O-O 9. Bd3 c5 10. Rh3 cxd4 11. Rg3 f5 12. exf6 Nxf6 13. Qxd4 Nc6 14. Qa4 e5 15.
Bg6 Bd7 16. O-O-O d4 17. Nce2 Ng4 18. Rxg4 Bxg4 19. f3 Be6 20. f4 Qxh4 21. Be4
Qf2 22. Bxc6 bxc6 23. fxe5 Qxg2 24. Nxd4 Rf1 25. Nge2 Qg5+ 0-1

[Event "AUTO-ELITE-387"]
[Site "http://www.queenalice.com/game.php?id=687616"]
[Date "2009.11.23"]
[Round "2"]
[White "Dom81"]
[Black "Miraguaiov"]
[Result "1-0"]
[WhiteElo "2493"]
[BlackElo "2421"]

1. d4 d5 2. Nf3 c6 3. h3 Nf6 4. Nc3 Bf5 5. Bf4 e6 6. e3 Bd6 7. Ne5 Bg6 8. h4 Nh5
9. Bh2 Nf6 10. Be2 Ne4 11. h5 Nxc3 12. bxc3 Bf5 13. h6 g6 14. Rb1 Qc7 15. c4
dxc4 16. Bf3 f6 17. g4 fxe5 18. dxe5 Bxe5 19. Bxe5 Qxe5 20. Rxb7 O-O 21. Rg7+
Kh8 22. gxf5 Qxf5 23. O-O Qxf3 24. Qxf3 Rxf3 25. Rb1 Nd7 26. Rxd7 Rh3 27. Rxa7
Rf8 28. a4 Rxh6 29. a5 Rh5 30. Rbb7 1-0

[Event "AUTO-ELITE-387"]
[Site "http://www.queenalice.com/game.php?id=687617"]
[Date "2009.11.23"]
[Round "2"]
[White "Miraguaiov"]
[Black "Dom81"]
[Result "1/2-1/2"]
[WhiteElo "2427"]
[BlackElo "2521"]

1. d4 Nf6 2. c4 c5 3. d5 d6 4. Nc3 g6 5. e4 Bg7 6. Nf3 Bg4 7. Be2 O-O 8. O-O
Nbd7 9. Nd2 Bxe2 10. Qxe2 Qa5 11. f4 Nh5 12. Qd3 Bd4+ 13. Kh1 Bxc3 14. bxc3 Rab8
15. a4 Qa6 16. a5 b6 17. Nb3 b5 18. Nd2 bxc4 19. Qxc4 Qxc4 20. Nxc4 Rb3 21. Bd2
Nhf6 22. Rfe1 Rfb8 23. h3 Kg7 24. g3 h6 25. Kg2 h5 26. Kf3 R8b4 27. Rab1 Rxb1
28. cxb4 Rb3+ 29. Re3 Rb1 30. Na3 Rf1+ 31. Ke2 Rh1 32. b5 Rxh3 33. b6 Nxb6 34.
axb6 axb6 35. Bc3 h4 36. Kf2 Rh2+ 37. Kf3 h3 38. Re1 Ra2 39. Nb5 c4 40. g4 Kf8
41. Bxf6 exf6 42. Rh1 Rb2 43. Nxd6 1/2-1/2

[Event "Challenge"]
[Site "http://www.queenalice.com/game.php?id=708836"]
[Date "2010.1.5"]
[Round "-"]
[White "Jerick"]
[Black "Dom81"]
[Result "0-1"]
[WhiteElo "2358"]
[BlackElo "2521"]

1. e4 e6 2. d4 d5 3. e5 c5 4. Nf3 cxd4 5. Qxd4 Nc6 6. Qf4 Nge7 7. Bd3 Ng6 8.
Bxg6 hxg6 9. Nc3 f6 10. Qg4 Kf7 11. Bf4 g5 12. Bd2 d4 13. Ne4 Qd5 14. c3 Nxe5
15. Nxe5+ Qxe5 16. cxd4 Qf5 17. Qxf5 exf5 18. Nc3 Rh4 19. d5 Bd7 20. O-O-O Bd6
21. Be3 b5 22. a3 a5 23. Ne2 b4 24. axb4 Rc4+ 25. Kd2 Bxb4+ 26. Nc3 f4 27. Bb6
a4 28. Rc1 Rac8 29. Ke2 a3 30. bxa3 Bxc3 31. h3 Bb5 32. Kf3 Ra4 33. g3 Rxa3 34.
Kg2 fxg3 35. Rhd1 gxf2 36. Bxf2 Be2 37. d6 Bxd1 38. Rxd1 Ke6 0-1

[Event "Challenge"]
[Site "http://www.queenalice.com/game.php?id=708837"]
[Date "2010.1.5"]
[Round "-"]
[White "Dom81"]
[Black "Jerick"]
[Result "1/2-1/2"]
[WhiteElo "2526"]
[BlackElo "2376"]

1. d4 Nf6 2. c4 c5 3. d5 d6 4. Nc3 g6 5. h3 Bg7 6. Nf3 Bf5 7. g4 Bc8 8. Bg2 Qb6
9. Bd2 Na6 10. a3 Bd7 11. O-O O-O 12. Qc2 Rae8 13. e4 Bc8 14. Rae1 Nd7 15. Bf4
Qc7 16. Re2 h6 17. e5 dxe5 18. Bh2 e6 19. Rd1 exd5 20. Nxd5 Qb8 21. Rde1 Qd6 22.
Nd2 f5 23. Nf3 Nab8 24. gxf5 gxf5 25. Nh4 Nb6 26. Rd2 Rf7 27. Kh1 Qd8 28. Nxb6
Qxb6 29. Bd5 Qf6 30. Nf3 Nd7 31. Nxe5 Nxe5 32. Bxe5 Qh4 33. Qc3 Be6 34. Rg1
Bxd5+ 35. Rxd5 Ree7 36. Rg2 Kh7 37. Bxg7 Rxg7 38. Rxg7+ Rxg7 39. Qf3 Qg5 40.
Qxf5+ Qxf5 41. Rxf5 b6 42. Rf6 Rd7 43. Kg2 Rd2 44. b4 Rc2 45. bxc5 bxc5 46. Ra6
Rxc4 47. a4 h5 48. Rxa7+ Kg6 49. a5 Ra4 50. a6 c4 51. Rc7 1/2-1/2

[Event "Challenge"]
[Site "http://www.queenalice.com/game.php?id=722100"]
[Date "2010.1.29"]
[Round "-"]
[White "cro_kramnik"]
[Black "Dom81"]
[Result "0-1"]
[WhiteElo "2469"]
[BlackElo "2539"]

1. d4 Nf6 2. c4 c5 3. d5 b5 4. cxb5 a6 5. bxa6 e6 6. Nc3 exd5 7. Nxd5 Nxa6 8. g3
Nxd5 9. Qxd5 Nc7 10. Qe5+ Ne6 11. Bg2 Ra7 12. Nf3 Be7 13. O-O Bb7 14. Rd1 O-O
15. Qf5 d6 16. Bd2 Qa8 17. a3 Be4 18. Qh5 g6 19. Qh6 Qb7 20. Bc3 d5 21. Be5 d4
22. Bh3 f5 23. Qc1 Qd5 24. Bf4 c4 25. Ng5 Bxg5 26. Bxg5 Qb5 27. Bh6 Re8 28. Bf1
Bc6 29. f3 Rb7 30. Rb1 Rd7 31. Re1 Rb8 32. Bd2 Rf7 33. Bh6 Re8 34. Bd2 Bb7 35.
Ra1 Nc5 36. Qc2 Bd5 37. Rad1 Nb3 38. Bf4 Qc5 39. Kg2 Rb7 40. h4 h5 41. Bg5 Kh7
42. Kh3 Rb6 43. Kg2 Rd6 44. Bf4 Rde6 45. e3 Qc6 46. Qf2 d3 47. Rb1 R8e7 48. Bg5
Rg7 49. Bf4 Re8 50. Bg5 Rb7 51. Red1 Nc5 52. Rdc1 Rb3 53. Kg1 Reb8 54. Bf4 R8b5
55. Be5 Na4 56. e4 Bxe4 57. Qd4 Bd5 58. Qf4 Bf7 59. Bd4 Rd5 60. Kg2 Rxd4 61.
Qxd4 Qd5 62. Qxd5 Bxd5 63. Kf2 d2 64. Rd1 c3 65. bxc3 Rxb1 66. Rxb1 Nxc3 67. Ra1
d1=Q 68. Rxd1 Nxd1+ 69. Ke1 Bxf3 70. Kd2 g5 71. a4 f4 72. gxf4 g4 73. a5 Kg6 74.
a6 Kf5 0-1

[Event "Challenge"]
[Site "http://www.queenalice.com/game.php?id=722101"]
[Date "2010.1.29"]
[Round "-"]
[White "Dom81"]
[Black "cro_kramnik"]
[Result "1-0"]
[WhiteElo "2527"]
[BlackElo "2476"]

1. d4 Nf6 2. Nf3 g6 3. c4 Bg7 4. Nc3 d5 5. cxd5 Nxd5 6. e4 Nxc3 7. bxc3 c5 8.
Be2 O-O 9. O-O Qa5 10. Qb3 Nc6 11. Be3 cxd4 12. cxd4 Bg4 13. Rad1 Rad8 14. d5
Ne5 15. Rc1 Nxf3+ 16. gxf3 Bh3 17. Rfd1 Rb8 18. Bd2 Qd8 19. Bf4 Rc8 20. Qxb7
Rxc1 21. Bxc1 Qa5 22. a3 Qc5 23. Bg5 f6 24. Bf4 g5 25. Bc1 h6 26. Qb3 Qd6 27. f4
Bd7 28. f5 Rb8 29. Qe3 Ba4 30. Rd3 Bb5 31. Rc3 Bxe2 32. Qxe2 Kh7 33. Qd3 Qe5 34.
Rc6 Qa1 35. Qc3 Qb1 36. Qc2 Qa1 37. Rc7 Rb1 38. h3 a6 39. Rc8 h5 40. Kg2 a5 41.
Qd1 Kh6 42. Rc6 Bf8 43. h4 Kg7 44. hxg5 1-0

[Event "AUTO-OPEN-1362"]
[Site "http://www.queenalice.com/game.php?id=722675"]
[Date "2010.1.30"]
[Round "3"]
[White "Dom81"]
[Black "Luciano_Matte"]
[Result "1-0"]
[WhiteElo "2519"]
[BlackElo "2086"]

1. d4 Nf6 2. Nf3 g6 3. c4 Bg7 4. Nc3 O-O 5. e4 d6 6. h3 e5 7. dxe5 dxe5 8. Bd3
Qe7 9. O-O c6 10. Be3 Na6 11. Qa4 Rd8 12. Rfd1 Nc5 13. Qa3 Bf8 14. Bc2 Ncd7 15.
c5 Bg7 16. b4 Nh5 17. Qa5 Nf4 18. b5 a6 19. bxc6 bxc6 20. Rd6 Bb7 21. Qc7 Ra7
22. Bb3 1-0

[Event "AUTO-OPEN-1362"]
[Site "http://www.queenalice.com/game.php?id=722676"]
[Date "2010.1.30"]
[Round "3"]
[White "Luciano_Matte"]
[Black "Dom81"]
[Result "0-1"]
[WhiteElo "2094"]
[BlackElo "2520"]

1. Nf3 Nf6 2. c4 c5 3. Nc3 g6 4. g3 Bg7 5. Bg2 O-O 6. O-O d6 7. d4 Na6 8. a3 Bf5
9. Nh4 Bc8 10. Rb1 cxd4 11. Qxd4 Nc5 12. Qd1 Be6 13. b4 Ncd7 14. Nd5 Rc8 15. Qb3
Nb6 16. Nxf6+ Bxf6 17. Bd5 Bxd5 18. cxd5 Rc3 19. Qd1 Bxh4 20. gxh4 Qd7 21. Bb2
Qg4+ 22. Kh1 Rc4 23. f3 Qxh4 24. Rc1 Rfc8 25. Rxc4 Qxc4 26. e4 Na4 27. Ba1 Nc3
0-1

[Event "Challenge"]
[Site "http://www.queenalice.com/game.php?id=745149"]
[Date "2010.3.12"]
[Round "-"]
[White "Dom81"]
[Black "Cerberus"]
[Result "1/2-1/2"]
[WhiteElo "2538"]
[BlackElo "2577"]

1. d4 Nf6 2. c4 e6 3. Nf3 b6 4. g3 Ba6 5. Qa4 c6 6. Nc3 Be7 7. Bf4 Bb7 8. Bg2
O-O 9. O-O d5 10. Rac1 a6 11. Qb3 Nbd7 12. cxd5 cxd5 13. Na4 b5 14. Bc7 Qe8 15.
Nb6 Nxb6 16. Bxb6 Ne4 17. Qe3 Nd6 18. b3 b4 19. Rc2 Ne4 20. Rfc1 Nc3 21. Ne5 a5
22. Bc5 Ba6 23. Rxc3 bxc3 24. Rxc3 Rc8 25. Bh3 Rc7 26. Bg4 Bxc5 27. Rxc5 Rxc5
28. dxc5 Qe7 29. a3 Bb5 30. b4 axb4 31. axb4 Ra8 32. Kg2 Qb7 33. Qd2 Ra6 34. Bf3
Qc7 35. Qb2 f6 36. Nd3 Qd7 37. Qd4 Qf7 38. h4 h6 39. Kh2 Kf8 40. Nc1 e5 41. Qd2
Bc4 42. Qc3 e4 43. Bh1 Qe7 44. Bg2 Qe5 45. Qd2 Ra4 46. e3 Qc7 47. Qc3 Qb7 48.
Nb3 Qxb4 49. Qxb4 Rxb4 50. Nd4 Rb2 51. Kg1 g6 52. Bh3 Ke7 53. Be6 Rd2 54. Bc8 h5
55. c6 Kd6 56. c7 Kxc7 57. Be6 Kd6 58. Bf7 g5 59. Bxh5 gxh4 60. gxh4 Ke7 61. Bg4
Kf7 62. Kg2 Rb2 63. Be6+ Kg6 64. Kg3 Rb1 65. Nf5 Rb7 66. Nd6 Rc7 67. Bf5+ Kh6
68. Be6 Rc6 69. Nf5+ Kh7 70. Bf7 Rc7 71. Nd6 Rd7 72. Nxc4 Rxf7 73. Nb6 Kg6 74.
Nxd5 Kf5 75. Nf4 Rg7+ 76. Kh3 Ke5 77. Ne2 f5 78. Nf4 Rg8 79. Ne2 Rg7 1/2-1/2

[Event "AUTO-ELITE-512"]
[Site "http://www.queenalice.com/game.php?id=745154"]
[Date "2010.3.12"]
[Round "1"]
[White "Dom81"]
[Black "Kuarwaki"]
[Result "1-0"]
[WhiteElo "2521"]
[BlackElo "2422"]

1. d4 d5 2. c4 c6 3. Nf3 dxc4 4. a4 Nf6 5. e3 Be6 6. Na3 Bd5 7. Nxc4 e6 8. Bd3
c5 9. O-O Nc6 10. Ncd2 Nb4 11. Bb5+ Bc6 12. Nc4 Bxb5 13. axb5 Be7 14. Bd2 Nbd5
15. Ba5 Qc8 16. Qd3 O-O 17. Rfc1 cxd4 18. Nxd4 Qb8 19. g3 Nd7 20. Qe2 Rc8 21.
Nf3 b6 22. Bd2 Qb7 23. e4 Nc7 24. Nd4 Nc5 25. Bf4 Qxe4 26. Qxe4 Nxe4 27. Nc6 Nd5
28. Nxa7 Re8 29. Be3 Bd8 30. Nc6 Bc7 31. Ra6 Nxe3 32. fxe3 Nc5 33. Rxb6 g5 34.
b4 Nd3 35. Rd1 Nb2 36. Nxb2 Bxb6 37. Nc4 Bc7 38. Rd7 Ra1+ 39. Kg2 Bb8 40. b6 Rc1
41. N4a5 f5 42. b7 Rc2+ 43. Kf1 g4 44. b5 Rb2 45. Nxb8 Rxb8 46. Nc6 Re8 47. Nd4
Rb1+ 48. Ke2 f4 49. gxf4 e5 50. Rc7 1-0

[Event "AUTO-ELITE-512"]
[Site "http://www.queenalice.com/game.php?id=745155"]
[Date "2010.3.12"]
[Round "1"]
[White "Kuarwaki"]
[Black "Dom81"]
[Result "1/2-1/2"]
[WhiteElo "2419"]
[BlackElo "2523"]

1. d4 Nf6 2. c4 c5 3. d5 d6 4. Nc3 g6 5. Nf3 Bg7 6. e4 Qa5 7. Bd2 Bg4 8. h3 Bxf3
9. Qxf3 Nbd7 10. Be2 O-O 11. O-O a6 12. Rfe1 Qb4 13. b3 Ne8 14. Rad1 Qa5 15. Qd3
Ne5 16. Qg3 Nd7 17. f4 Bd4+ 18. Kh1 Qc7 19. Bd3 Ng7 20. Ne2 Bf6 21. Qg4 Rab8 22.
Ng1 Rfe8 23. a4 Nh5 24. Nf3 e5 25. f5 Nf4 26. Bxf4 exf4 27. Qxf4 Kg7 28. Rf1 Ne5
29. Rf2 Nxf3 30. Rxf3 g5 31. Qd2 Qb6 32. Rb1 Qb4 33. Qxb4 cxb4 34. g3 Rbc8 35.
Kg2 h5 36. Rf2 Rh8 37. a5 h4 38. g4 Bd4 39. Ra2 Rhe8 40. Kf3 Kf6 41. Ra4 Bc3 42.
Be2 Ke5 43. Ke3 1/2-1/2

[Event "AUTO-ELITE-512"]
[Site "http://www.queenalice.com/game.php?id=745156"]
[Date "2010.3.12"]
[Round "1"]
[White "Dom81"]
[Black "isidorito444"]
[Result "1-0"]
[WhiteElo "2533"]
[BlackElo "2273"]

1. d4 Nf6 2. c4 e6 3. Nf3 b6 4. g3 Ba6 5. Qa4 Bb7 6. Bg2 c5 7. dxc5 Bxc5 8. O-O
Ne4 9. Qc2 f6 10. Bf4 Na6 11. a3 O-O 12. b4 Bd6 13. Nfd2 Bxf4 14. Bxe4 Bxe4 15.
Qxe4 Be5 16. Ra2 Nc7 17. Nf3 d5 18. cxd5 exd5 19. Qe3 Re8 20. Qb3 a5 21. Rd2
axb4 22. axb4 Qd7 23. Nxe5 Rxe5 24. Nc3 Qc6 25. e3 Qc4 26. Qxc4 dxc4 27. Rd7 Ra7
28. Rfd1 Kf8 29. Nd5 Rxd5 30. R1xd5 Nxd5 31. Rxa7 c3 32. b5 c2 33. Ra8+ Kf7 34.
Rc8 Nb4 35. Kf1 1-0

[Event "AUTO-ELITE-512"]
[Site "http://www.queenalice.com/game.php?id=745157"]
[Date "2010.3.12"]
[Round "1"]
[White "isidorito444"]
[Black "Dom81"]
[Result "0-1"]
[WhiteElo "2269"]
[BlackElo "2536"]

1. e4 e6 2. d4 d5 3. Nc3 Nf6 4. Bg5 Be7 5. e5 Nfd7 6. h4 h6 7. Bxe7 Qxe7 8. Qg4
O-O 9. Nf3 c5 10. Bb5 Nc6 11. Bxc6 bxc6 12. h5 f6 13. O-O-O cxd4 14. exf6 Qxf6
15. Qxd4 e5 16. Qh4 e4 17. Qxf6 Rxf6 18. Nd4 Ne5 19. Rd2 Bg4 20. Nd1 Raf8 21.
Ne3 Bd7 22. Nd1 Nc4 23. Re2 c5 24. Nb3 Bg4 25. Rhe1 Bxe2 26. Rxe2 Rc6 27. Nd2
Nxd2 28. Kxd2 Re6 29. f3 Rfe8 30. fxe4 Rxe4 31. Rxe4 Rxe4 32. Nf2 Re5 33. g4 c4
34. Nd1 Kf7 35. Nf2 Kf6 36. Nh3 d4 0-1

[Event "kasker"]
[Site "http://www.queenalice.com/game.php?id=747118"]
[Date "2010.3.16"]
[Round "2"]
[White "crubiov"]
[Black "Dom81"]
[Result "1/2-1/2"]
[WhiteElo "2568"]
[BlackElo "2534"]

1. e4 e6 2. d4 d5 3. Nd2 c5 4. Ngf3 Nf6 5. exd5 exd5 6. Bb5+ Bd7 7. Bxd7+ Nbxd7
8. O-O Be7 9. dxc5 Nxc5 10. Nb3 Nce4 11. Nfd4 O-O 12. Nf5 Re8 13. c3 Bf8 14. Bf4
g6 15. Nh6+ Kg7 16. Ng4 Nxg4 17. Qxg4 a5 18. a4 Qb6 19. Qd1 Nc5 20. Nxc5 Bxc5
21. Qxd5 Rad8 22. Qf3 Qxb2 23. Rab1 Qe2 24. Rxb7 Qxf3 25. gxf3 Rd3 26. Rc1 Re2
27. Bg3 Rxf3 28. Kg2 Rf6 29. Rf1 Bd6 30. Rb5 Bxg3 31. hxg3 Ra6 32. Ra1 Rc2 33.
Rc5 h6 34. Rc4 Rb6 35. Re1 Rf6 36. Rf1 h5 37. Rc5 1/2-1/2

[Event "Challenge"]
[Site "http://www.queenalice.com/game.php?id=762608"]
[Date "2010.4.17"]
[Round "-"]
[White "Dom81"]
[Black "pickles"]
[Result "1/2-1/2"]
[WhiteElo "2535"]
[BlackElo "2444"]

1. d4 Nf6 2. c4 e6 3. Nf3 d5 4. Nc3 c6 5. e3 Nbd7 6. Bd3 dxc4 7. Bxc4 b5 8. Bd3
Bb7 9. e4 b4 10. Na4 c5 11. e5 Nd5 12. Nxc5 Nxc5 13. dxc5 Bxc5 14. Qa4+ Ke7 15.
Bg5+ f6 16. Bd2 Nf4 17. Bxf4 Qxd3 18. Be3 Qe4 19. Nd2 Qxe5 20. Qb5 Bb6 21. Qxb4+
Qd6 22. Qxd6+ Kxd6 23. Nc4+ Kc7 24. Rc1 Bxe3 25. Nxe3+ Kb6 26. Nc4+ Ka6 27. Ke2
Rab8 28. f3 Rhd8 29. b3 Rbc8 30. Rhd1 e5 31. h4 h5 32. g4 Rd5 33. gxh5 Ba8 34.
Ne3 Rxc1 35. Rxc1 Ra5 36. a4 e4 37. Rc8 exf3+ 38. Kf2 Be4 39. Rh8 Re5 40. b4 Kb7
41. h6 gxh6 42. Rxh6 Re6 43. h5 Rb6 44. b5 Rd6 45. a5 Kc7 46. Kg3 Rd3 47. Ng4
Rd5 48. Kf4 Bd3 49. b6+ axb6 50. axb6+ Kxb6 51. Rxf6+ Kc5 52. h6 Rd6 1/2-1/2

[Event "Challenge"]
[Site "http://www.queenalice.com/game.php?id=771423"]
[Date "2010.5.6"]
[Round "-"]
[White "JDZ"]
[Black "Dom81"]
[Result "1/2-1/2"]
[WhiteElo "2497"]
[BlackElo "2539"]

1. e4 e6 2. d4 d5 3. Nd2 c5 4. exd5 exd5 5. Bb5+ Bd7 6. Qe2+ Be7 7. Ngf3 Nf6 8.
dxc5 O-O 9. O-O Re8 10. Nb3 Bxc5 11. Qd3 Bd6 12. Bg5 Nc6 13. Bxc6 bxc6 14. Rfe1
h6 15. Rxe8+ Bxe8 16. Bh4 c5 17. c4 d4 18. Re1 Bd7 19. Nbd2 g5 20. Bg3 Bxg3 21.
hxg3 Qb6 22. Ne5 Re8 23. Re2 Bc8 24. Nb3 a5 25. f4 a4 26. Nc1 Re7 27. fxg5 hxg5
28. Qd2 Nh7 29. Ned3 Rxe2 30. Qxe2 Qc7 31. Qe8+ Kg7 32. Qb5 Qxg3 33. Qxc5 Qe3+
34. Kf1 Be6 35. b3 Nf6 36. Qe5 Qd2 37. Kg1 axb3 38. axb3 Qd1+ 39. Kf2 Kg6 40.
Qxd4 Ng4+ 41. Kg3 Qh1 42. Kf3 Qf1+ 43. Kg3 Bf5 44. b4 Nf6 45. Ne5+ Kg7 46. Nb3
Ne4+ 47. Kh2 f6 48. Nf3 g4 49. Qa7+ Kh6 50. Qe3+ Kh5 51. Nfd2 g3+ 52. Qxg3 Nxg3
53. Nxf1 Nxf1+ 54. Kg1 Ne3 55. c5 Bd3 56. Nd4 Kg4 57. Kf2 Nf5 58. Ne2 Bc4 59.
Nc3 Kf4 60. b5 Nd4 61. b6 Ke5 62. Ne2 Bd5 63. Nxd4 Kxd4 64. g4 Kxc5 65. Ke3 Kxb6
66. Kf4 Be6 67. g5 fxg5+ 68. Kxg5 1/2-1/2

[Event "AUTO-ELITE-512"]
[Site "http://www.queenalice.com/game.php?id=807334"]
[Date "2010.7.23"]
[Round "2"]
[White "fred57"]
[Black "Dom81"]
[Result "1-0"]
[WhiteElo "2584"]
[BlackElo "2547"]

1. d4 Nf6 2. c4 c5 3. d5 d6 4. Nc3 g6 5. e4 Bg7 6. Bd3 a6 7. h3 O-O 8. Nf3 b5 9.
O-O b4 10. Ne2 a5 11. Be3 Nh5 12. Qd2 Nd7 13. g4 Nhf6 14. Ng3 Ne8 15. Bh6 Qc7
16. Bxg7 Nxg7 17. Kg2 f6 18. Ne1 a4 19. f4 a3 20. b3 Rf7 21. h4 e5 22. f5 Nf8
23. Nf3 Qd8 24. Rh1 h5 25. Nh2 Raa7 26. Kf2 gxf5 27. exf5 hxg4 28. Nxg4 Kh8 29.
Nh6 Rfd7 30. Rag1 Rac7 31. Ne4 Nh7 32. Qe2 Qf8 33. Qf3 Rb7 34. Rg6 Ne8 35. Rg8+
Qxg8 36. Nxg8 Kxg8 37. h5 Rf7 38. h6 Kh8 39. Rg1 1-0

[Event "AUTO-ELITE-512"]
[Site "http://www.queenalice.com/game.php?id=807335"]
[Date "2010.7.23"]
[Round "2"]
[White "Dom81"]
[Black "fred57"]
[Result "1/2-1/2"]
[WhiteElo "2546"]
[BlackElo "2583"]

1. d4 Nf6 2. Nf3 d5 3. c4 e6 4. Nc3 Nbd7 5. cxd5 exd5 6. Bf4 c6 7. Qc2 Nh5 8.
Bd2 Nb6 9. e4 dxe4 10. Nxe4 Be7 11. Bd3 Nd5 12. O-O O-O 13. Nc5 g6 14. Rfe1 Nhf4
15. Be4 Re8 16. h3 Kg7 17. Rad1 Bd6 18. a3 Re7 19. Ne5 Ne6 20. Nb3 f6 21. Ng4
Nef4 22. Nc5 Rb8 23. Bxd5 cxd5 24. Rxe7+ Qxe7 25. Re1 Qf7 26. Qa4 h5 27. Bxf4
Bxf4 28. Nd3 Bd2 29. Qxa7 Qc7 30. Re2 hxg4 31. Rxd2 gxh3 32. Qc5 Qxc5 33. dxc5
g5 34. Ne1 Be6 35. gxh3 Rh8 36. Nc2 Rxh3 37. Nd4 Bd7 38. Kg2 Rh4 39. b4 Rg4+ 40.
Kf1 Rh4 41. Ke2 Rh1 42. Rd1 Rh2 43. Rd3 Kf7 44. b5 Bg4+ 45. Ke3 Rh3+ 46. f3 Bxf3
47. Nxf3 g4 48. Rxd5 Rxf3+ 49. Ke2 Rxa3 50. Rd7+ Ke6 51. Rxb7 1/2-1/2

[Event "kasker"]
[Site "http://www.queenalice.com/game.php?id=919193"]
[Date "2011.3.29"]
[Round "3"]
[White "Dom81"]
[Black "amed66"]
[Result "0-1"]
[WhiteElo "2540"]
[BlackElo "2534"]

1. d4 Nf6 2. c4 g6 3. Nc3 Bg7 4. Nf3 d5 5. Bf4 O-O 6. e3 c5 7. dxc5 Qa5 8. Rc1
dxc4 9. Bxc4 Qxc5 10. Bb3 Nc6 11. O-O Qa5 12. h3 Bf5 13. Qe2 Ne4 14. Nd5 e5 15.
Rxc6 exf4 16. Rc7 Be6 17. Qe1 Qb5 18. Ne7+ Kh8 19. Bxe6 fxe6 20. Qc1 fxe3 21.
Qxe3 Qb6 22. Qxb6 axb6 23. Re1 Nc5 24. b4 Bc3 25. Rd1 Bxb4 26. Rd4 Na6 27. Rxb7
Rfd8 28. Rxd8+ Rxd8 29. Rxb6 Rd1+ 30. Kh2 Bxe7 31. Rxa6 Bc5 32. Rxe6 Bxf2 33. a4
Ra1 34. Ra6 Kg7 35. h4 Ra3 36. Kh3 h5 37. Kh2 Be3 38. Kg3 Bd2 39. Rc6 Bh6 40.
Rc4 Kf6 41. Rd4 Ke6 42. Re4+ Kd6 43. Kh3 Bg7 44. Rb4 Kc6 45. Rb5 Bf6 46. Rb8 g5
47. hxg5 Bxg5 48. Re8 Bf4 49. Rh8 Rxa4 50. Rxh5 Rb4 0-1